Cấu tạo và tính toán móng máy

محفوظ في:
التفاصيل البيبلوغرافية
المؤلف الرئيسي: O A Savinov
التنسيق: كتاب
اللغة:Undetermined
منشور في: Hà Nội KHKT 1971
الموضوعات:
الوسوم: إضافة وسم
لا توجد وسوم, كن أول من يضع وسما على هذه التسجيلة!
Thư viện lưu trữ: Trung tâm Học liệu Trường Đại học Cần Thơ
LEADER 00530nam a2200181Ia 4500
001 CTU_14532
008 210402s9999 xx 000 0 und d
082 |a 624.15 
082 |b S267 
100 |a O A Savinov 
245 0 |a Cấu tạo và tính toán móng máy 
245 0 |c O A Savinov; Dịch giả: Lê ất Hợi 
260 |a Hà Nội 
260 |b KHKT 
260 |c 1971 
650 |a foundation 
904 |i Nguyễn Quang Điền, 970106 
980 |a Trung tâm Học liệu Trường Đại học Cần Thơ